00722nam a2200205Ia 4500003000900000008004100009020001800050040001600068080001800084110001600102245011900118260002800237300001600265650003600281650001900317650003600336942000700372999001500379952012200394IN-BaIIA211028s9999 xx 000 0 eng d a0-8174-3208-6 cIIA Library a031:77bEKC-8 aKodak92452 0aEncyclopedia of Practical Photographybvol. 8, Gum-KcEastman Kodak Company  aNew YorkbAmphotoc1978 a1297-1480p. aEncyclopedia-Photography910845 aNASA Thesaurus aPhotography-Encyclopedia910846 cBK c6321d6321 00104070aBANbKODcGENd1979-09-24g832.00l0o031:77/ EKC-8p7042r2021-11-05v832.00w1979-09-24yBKGRs. 832.00